| 000 | 00502cam a2200205ua 4500 | ||
|---|---|---|---|
| 001 | 7203 | ||
| 008 | 141203n ii |||gr||||Z||||||eng | ||
| 020 | _a9789327228229 | ||
| 040 | _cMAIN | ||
| 041 | _aeng | ||
| 082 | _a657 | ||
| 100 |
_aJain, S.P., _eAuthor. |
||
| 245 |
_aFundamentals of corparate accounting _cBy S.P. Jain |
||
| 250 | _a2nd rev. | ||
| 260 |
_aNew Delhi: _bKalyani, _c2013. |
||
| 300 | _a485p. | ||
| 653 | _aCorporate accounting | ||
| 700 |
_aNarang, K.L., _eAuthor. |
||
| 942 | _cBK | ||
| 999 |
_c6328 _d6328 |
||